000 00451nam a2200181Ia 4500
003 GCL
008 140319s9999 xx 000 0 eng d
040 _aGCL /
_cGCL
082 0 4 _a629.13252
_bB P
100 1 _aBURTON, MIKE
245 1 0 _aPISTON ENGINES AND SUPERCHARGING /
_cBURTON, MIKE
260 _a[S.N] :
_bAIRLIFE PUBLISHING ،
_c1993
300 _a109P
650 0 4 _aPISTON
650 0 4 _aENGINES
650 0 4 _aAIRPLANES
942 _2ddc
_cBK
999 _c11224
_d11224